000 00207 a2200097 4500
001 18183
100 _aSparow, E M
245 _aRadiation heat transfer
260 _a
_bBrooks/cole
_c
090 _c13477
_d13477
942 _aNUST-CAE
_cM
_c3866
999 _c253256
_d253256